[Event "3rd Al Ain Chess Classic"]
[Site "Al-Ain UAE"]
[Date "2014.12.25"]
[Round "8.42"]
[White "Raja, Harshit"]
[Black "Abdulla, Khayala"]
[Result "0-1"]
[BlackTitle "WIM"]
[WhiteElo "2116"]
[BlackElo "2299"]
[WhiteFideId "5089000"]
[BlackFideId "13401807"]
[EventDate "2014.12.19"]

1. e4 c5 2. Nf3 e6 3. d4 cxd4 4. Nxd4 Nc6 5. Nc3 Qc7 6. Be3 a6 7. Be2 b5 8. a3
Bb7 9. f4 d6 10. Bf3 Nf6 11. Nxc6 Bxc6 12. Bd4 Be7 13. Qd2 O-O 14. O-O a5 15. a4
e5 16. Bf2 bxa4 17. Nd5 Nxd5 18. exd5 Bb5 19. Rfc1 exf4 20. c4 Bd7 21. Bd4 Rab8
22. Qxf4 Rb4 23. Be2 f5 24. Bc3 Rbb8 25. Kh1 h6 26. c5 Bg5 27. cxd6 Qxc3 28.
Qxg5 Qxb2 29. Qh5 a3 30. h3 a2 31. Bd3 Qd4 32. Qd1 Rb2 33. Bc4 Rd2 34. Qb3 Rc8
35. Rxa2 Rxc4 36. Qxc4 Rd1+ 37. Rxd1 Qxc4 38. Rxa5 Qb4 39. Ra6 f4 40. Rf1 Qc4
41. Ra8+ Kh7 42. Rf3 Qxd5 43. Rf8 g5 44. Rb8 Bc6 45. Rb1 Qxd6 46. Rf2 Qd3 47.
Rc1 Qxh3+ 48. Kg1 Qe6 49. Rfc2 Qe3+ 50. Kh1 Be4 51. Rc3 Qf2 52. Rg1 Qh4+ 0-1

[Event "3rd Al Ain Chess Classic"]
[Site "Al-Ain UAE"]
[Date "2014.12.25"]
[Round "8.43"]
[White "Galojan, Lilit"]
[Black "Ahmadzada, Ahmad"]
[Result "1-0"]
[WhiteTitle "IM"]
[BlackTitle "CM"]
[WhiteElo "2275"]
[BlackElo "1912"]
[WhiteFideId "13301314"]
[BlackFideId "13413007"]
[EventDate "2014.12.19"]

1. c4 c6 2. Nf3 Nf6 3. e3 d5 4. Nc3 Bg4 5. cxd5 cxd5 6. Qb3 Nc6 7. Qxb7 Qc8 8.
Qxc8+ Rxc8 9. Bb5 Bd7 10. d4 Nb4 11. Bxd7+ Nxd7 12. Ke2 e6 13. Bd2 Be7 14. Na4
O-O 15. Bxb4 Bxb4 16. Rhc1 Nf6 17. a3 Bd6 18. h3 Ne4 19. Nd2 Nxd2 20. Kxd2 f5
21. Rxc8 Rxc8 22. Rc1 Rxc1 23. Kxc1 f4 24. Kc2 fxe3 25. fxe3 Kf7 26. Nc3 Ke7 27.
e4 dxe4 28. Nxe4 Bc7 29. Kd3 Bb6 30. Kc4 Kd7 31. b4 h6 32. a4 1-0

[Event "3rd Al Ain Chess Classic"]
[Site "Al-Ain UAE"]
[Date "2014.12.25"]
[Round "8.44"]
[White "Safranska, Anda"]
[Black "Soyunlu, Narmin"]
[Result "1-0"]
[WhiteTitle "WGM"]
[WhiteElo "2267"]
[BlackElo "1878"]
[WhiteFideId "11600209"]
[BlackFideId "13400843"]
[EventDate "2014.12.19"]

1. e4 e6 2. d3 d5 3. Nd2 c5 4. Ngf3 Nc6 5. g3 g6 6. Bg2 Bg7 7. O-O Nf6 8. Re1
O-O 9. c3 Re8 10. h4 e5 11. exd5 Nxd5 12. Qb3 Nf6 13. Ng5 Qc7 14. Nde4 Nxe4 15.
dxe4 Bg4 16. Nf3 Rad8 17. Bg5 Rd3 18. Nh2 Be6 19. Qc2 c4 20. Bf1 Rd7 21. Rad1 h6
22. Rxd7 Qxd7 23. Rd1 Qc7 24. Be3 b5 25. Be2 Rc8 26. h5 b4 27. hxg6 fxg6 28. Bg4
Bxg4 29. Nxg4 h5 30. Nh2 bxc3 31. bxc3 Qa5 32. Rd5 Qa6 33. Qd2 Na5 34. Rd7 Qc6
35. Rxa7 Nb7 36. Nf3 Qxe4 37. Qd7 Qc6 38. Qxc6 Rxc6 39. Rxb7 Ra6 40. Rb8+ Kf7
41. Ng5+ 1-0

[Event "3rd Al Ain Chess Classic"]
[Site "Al-Ain UAE"]
[Date "2014.12.25"]
[Round "8.45"]
[White "Suhail, Sokari"]
[Black "Mammadova, Gulnar"]
[Result "0-1"]
[BlackTitle "WGM"]
[WhiteElo "1912"]
[BlackElo "2354"]
[WhiteFideId "7604530"]
[BlackFideId "13403508"]
[EventDate "2014.12.19"]

1. d4 e6 2. c4 f5 3. Nc3 Nf6 4. Qb3 d5 5. Bg5 c6 6. Bxf6 Qxf6 7. Nf3 Bd6 8. e3
O-O 9. Bd3 Kh8 10. h4 Nd7 11. O-O-O a5 12. a4 Qe7 13. Ng5 Nf6 14. f4 Ng4 15.
Rhe1 Nf2 16. Rd2 Nxd3+ 17. Rxd3 dxc4 18. Qxc4 b5 19. Qxc6 Bb7 20. Qb6 b4 21.
Nxe6 Qxe6 22. d5 Qe7 23. Nb5 Rfc8+ 24. Kd2 Bc5 25. Qe6 Qxe6 26. dxe6 h6 27. Rc1
Ba6 28. Ke2 Bxb5 29. axb5 a4 30. Rd5 a3 31. bxa3 bxa3 32. Rdxc5 Rxc5 33. Rxc5 a2
34. Rc1 a1=Q 35. Rxa1 Rxa1 36. b6 Kg8 0-1

[Event "3rd Al Ain Chess Classic"]
[Site "Al-Ain UAE"]
[Date "2014.12.25"]
[Round "8.46"]
[White "Mohannad, Farhan"]
[Black "Elmejbri, Ali A."]
[Result "1-0"]
[WhiteTitle "FM"]
[BlackTitle "FM"]
[WhiteElo "2281"]
[BlackElo "1954"]
[WhiteFideId "8100918"]
[BlackFideId "9200398"]
[EventDate "2014.12.19"]

1. d4 Nf6 2. Nf3 b5 3. Bg5 h6 4. Bxf6 exf6 5. Qd3 Nc6 6. c3 Rb8 7. e4 b4 8. c4
Be7 9. Nbd2 O-O 10. Be2 Re8 11. O-O d6 12. Bd1 Bd7 13. Bc2 g6 14. Qe3 Bf8 15. d5
Ne5 16. Qxa7 Bg4 17. Nd4 Ra8 18. Qb7 Rb8 19. Qa6 Bd7 20. Qa5 Qe7 21. a3 c5 22.
dxc6 Nxc6 23. Nxc6 Bxc6 24. axb4 f5 25. Rae1 Qb7 26. b5 Bxe4 27. Nxe4 fxe4 28.
Qa6 f5 29. Qxb7 Rxb7 30. Rd1 Kf7 31. Rd5 Ke6 32. Rfd1 Rb6 33. Bb3 Ke7 34. Ra1
Reb8 35. g4 Kf6 36. Bc2 fxg4 37. Bxe4 Re8 38. Bd3 Re5 39. Rd4 Rg5 40. Rf4+ Rf5
41. Bxf5 gxf5 42. Rd4 Ke5 43. Rd5+ Ke6 44. Ra6 Rb8 45. b6 Bg7 46. Rb5 Bd4 47. b7 1-0

[Event "3rd Al Ain Chess Classic"]
[Site "Al-Ain UAE"]
[Date "2014.12.25"]
[Round "8.47"]
[White "Khalafova, Narmin"]
[Black "Walid, Anwar"]
[Result "1-0"]
[WhiteTitle "WFM"]
[WhiteElo "2161"]
[BlackElo "1919"]
[WhiteFideId "13402625"]
[BlackFideId "9302271"]
[EventDate "2014.12.19"]

1. e4 e5 2. Nc3 Nf6 3. g3 Bc5 4. Bg2 O-O 5. Nge2 Nc6 6. O-O Re8 7. h3 Nd4 8. d3
h6 9. Kh2 c6 10. f4 d5 11. f5 b5 12. a3 a5 13. g4 Ba6 14. Ng3 b4 15. axb4 axb4
16. Nce2 Nb5 17. Ng1 Nd6 18. g5 hxg5 19. Bxg5 dxe4 20. Nh5 Kf8 21. Nxf6 gxf6 22.
Qh5 Bxg1+ 23. Kxg1 Qb6+ 24. Kh2 Ke7 25. Bxf6+ Kd7 26. Rfe1 exd3 27. cxd3 Bxd3
28. Rxa8 Rxa8 29. Rxe5 Re8 30. Rxe8 Kxe8 31. Bxc6+ 1-0

[Event "3rd Al Ain Chess Classic"]
[Site "Al-Ain UAE"]
[Date "2014.12.25"]
[Round "8.48"]
[White "Sameir, Ramez"]
[Black "Ali Rashid, Ali"]
[Result "1-0"]
[WhiteElo "2128"]
[BlackElo "1799"]
[WhiteFideId "10606017"]
[BlackFideId "9304762"]
[EventDate "2014.12.19"]

1. e4 e6 2. d3 d5 3. Nd2 Nf6 4. Ngf3 b6 5. g3 dxe4 6. dxe4 Bb7 7. Bb5+ Nbd7 8.
Qe2 a6 9. Bc4 Bc5 10. O-O O-O 11. c3 b5 12. Bd3 Bb6 13. e5 Nd5 14. Qe4 g6 15.
Nb3 Ne3 16. Qxb7 Nd5 17. Bg5 Qe8 18. Be4 Ra7 19. Qc6 Qc8 20. Bxd5 Nb8 21. Bxe6
fxe6 22. Qe4 c5 23. Rad1 Raf7 24. Bf6 Nd7 25. Ng5 Nxf6 26. exf6 Rxf6 27. Rd6 Ba7
28. Rxe6 Rf5 29. Re7 c4 30. Nd4 Bxd4 31. Qxd4 1-0

[Event "3rd Al Ain Chess Classic"]
[Site "Al-Ain UAE"]
[Date "2014.12.25"]
[Round "8.49"]
[White "Pujari, Rucha"]
[Black "Hamdan, Marshool"]
[Result "1/2-1/2"]
[WhiteTitle "WFM"]
[WhiteElo "2109"]
[BlackElo "1763"]
[WhiteFideId "5024528"]
[BlackFideId "9303804"]
[EventDate "2014.12.19"]

1. d4 d6 2. Nf3 g6 3. g3 Bg7 4. Bg2 Nf6 5. O-O O-O 6. c4 Nbd7 7. Nc3 e5 8. e4
exd4 9. Nxd4 Ng4 10. h3 Nge5 11. b3 Nc5 12. Be3 Bd7 13. f4 Nc6 14. Nxc6 Bxc6 15.
Bd4 Re8 16. Bxg7 Kxg7 17. Qd4+ f6 18. Rae1 Ne6 19. Qf2 a5 20. a3 Ra6 21. b4 axb4
22. axb4 Ra8 23. h4 h6 24. f5 Nf8 25. Nd5 Bxd5 26. exd5 g5 27. hxg5 hxg5 28. c5
Nd7 29. Re6 Ne5 30. Qe2 Ra3 31. cxd6 cxd6 32. Qb5 Re7 33. Rc1 Rxg3 34. Qa5 b6
35. Rxe7+ Qxe7 36. Qxb6 Nf3+ 37. Kf2 Rxg2+ 38. Kxg2 Qe2+ 39. Kg3 Nh4 40. Qf2
Nxf5+ 41. Qxf5 Qe3+ 42. Kg4 Qxc1 43. Qd7+ Kg8 44. Qe8+ Kg7 45. Qd7+ Kg6 46. Qe8+
Kg7 47. Qe7+ Kg6 1/2-1/2

[Event "3rd Al Ain Chess Classic"]
[Site "Al-Ain UAE"]
[Date "2014.12.25"]
[Round "8.50"]
[White "Ahmad, Alzarovni"]
[Black "Safarov, Zirva"]
[Result "0-1"]
[WhiteElo "1721"]
[BlackElo "2104"]
[WhiteFideId "9302301"]
[BlackFideId "13413040"]
[EventDate "2014.12.19"]

1. d4 Nf6 2. Nf3 g6 3. c4 Bg7 4. Nc3 c5 5. d5 O-O 6. e4 d6 7. Be2 e6 8. O-O exd5
9. exd5 Na6 10. a3 Nc7 11. h3 Rb8 12. Rb1 a6 13. b4 Bf5 14. Bd3 cxb4 15. axb4
Bxd3 16. Qxd3 b5 17. cxb5 Nxb5 18. Nxb5 Rxb5 19. Bf4 Nxd5 20. Bg3 Qb6 21. Rfc1
Rd8 22. Rc4 Nxb4 23. Qd2 a5 24. Rd1 Rd5 25. Qc1 Rxd1+ 26. Qxd1 h6 27. Nd2 d5 28.
Bc7 Qf6 29. Bxd8 Qxd8 30. Rc5 Nd3 31. Rc6 Qd7 32. Qc2 Nf4 33. Nf3 d4 34. Rc8+
Kh7 35. Qc7 Qf5 36. Qd8 g5 37. Qg8+ Kg6 38. Rc6+ f6 39. Nxd4 Qe4 40. Rc7 Qxg2# 0-1

[Event "3rd Al Ain Chess Classic"]
[Site "Al-Ain UAE"]
[Date "2014.12.25"]
[Round "8.51"]
[White "Mammadova, Narmin"]
[Black "Amini, Hossein Ali"]
[Result "1-0"]
[WhiteTitle "WCM"]
[WhiteElo "2092"]
[BlackElo "1521"]
[WhiteFideId "13403710"]
[BlackFideId "11201584"]
[EventDate "2014.12.19"]

1. e4 c5 2. c3 g6 3. d4 cxd4 4. cxd4 Bg7 5. Nc3 d6 6. h3 Nd7 7. Nf3 e5 8. dxe5
dxe5 9. Nb5 Nb6 10. Qc2 Kf8 11. Bg5 f6 12. Rd1 Qe7 13. Be3 Nd7 14. Nd6 Qd8 15.
Qc4 Qe7 16. Nxc8 Qf7 17. Qxf7+ Kxf7 18. Rxd7+ 1-0

[Event "3rd Al Ain Chess Classic"]
[Site "Al-Ain UAE"]
[Date "2014.12.25"]
[Round "8.52"]
[White "Ali, Abdulaziz"]
[Black "Bunyatov, Rustam"]
[Result "0-1"]
[BlackTitle "CM"]
[WhiteElo "1718"]
[BlackElo "2077"]
[WhiteFideId "9304347"]
[BlackFideId "13410210"]
[EventDate "2014.12.19"]

1. e4 c6 2. d4 d5 3. exd5 cxd5 4. Bd3 Nc6 5. c3 Nf6 6. h3 g6 7. Nf3 Bf5 8. Bxf5
gxf5 9. Bf4 Rg8 10. O-O e6 11. Re1 Bd6 12. Bg5 Be7 13. Bxf6 Bxf6 14. Qd3 Ne7 15.
Qb5+ Qd7 16. Qxd7+ Kxd7 17. Nbd2 Ng6 18. Ne5+ Bxe5 19. dxe5 Nf4 20. g3 Nxh3+ 21.
Kf1 Ng5 22. f3 Nh3 23. Ke2 Rxg3 24. Rh1 Rag8 25. Ke3 f4+ 26. Kd4 Ke7 27. Kc5 Rg2
28. Rxh3 Rxd2 29. Rb1 Rgg2 30. Rxh7 Rxb2 31. Rxb2 Rxb2 32. a4 Re2 33. Rh4 Re3
34. c4 dxc4 35. Rxf4 Rxe5+ 36. Kxc4 Rf5 37. Rxf5 exf5 38. Kc5 f4 39. Kd5 Kd7 40.
Ke5 a6 41. a5 Kc6 42. Kxf4 Kb5 43. Kf5 Kxa5 44. Kf6 b5 45. f4 b4 46. f5 b3 47.
Kxf7 b2 48. Kg7 b1=Q 49. f6 Qb2 50. Kg6 Qg2+ 51. Kh7 Qf3 52. Kg6 Qg4+ 53. Kh7
Qf5+ 54. Kg7 Qg5+ 55. Kf7 Kb5 56. Ke6 Qe3+ 57. Kd7 Qf4 58. Ke6 Qe4+ 59. Kd6 Qe8 0-1

[Event "3rd Al Ain Chess Classic"]
[Site "Al-Ain UAE"]
[Date "2014.12.25"]
[Round "8.53"]
[White "Mokal, Amruta Sunil"]
[Black "Jasmeher, Singh Kathuria"]
[Result "1-0"]
[WhiteElo "2054"]
[BlackElo "1500"]
[WhiteFideId "5016371"]
[BlackFideId "25092120"]
[EventDate "2014.12.19"]

1. e4 c5 2. Nf3 e6 3. d4 cxd4 4. Nxd4 a6 5. Nc3 Qc7 6. g3 b5 7. Bg2 Bb7 8. O-O
Nf6 9. Re1 d6 10. Bg5 Be7 11. Bxf6 Bxf6 12. Ndxb5 axb5 13. Nxb5 Qb6 14. Nxd6+
Kf8 15. Nxb7 Qxb7 16. e5 Nc6 17. exf6 Qc7 18. Re3 Rd8 19. fxg7+ Kxg7 20. Qg4+
Kf8 21. Qc4 Rd6 22. Rc3 Ke7 23. Bxc6 Rhd8 24. Qh4+ Kf8 25. Bf3 Qb6 26. Rb3 Qc5
27. Qxh7 R6d7 28. Kg2 Qg5 29. Rb4 f5 30. Qh8+ Kf7 31. Qh5+ Qxh5 32. Bxh5+ Kf6
33. Re1 Rd2 34. Re2 R2d6 35. h4 e5 36. g4 fxg4 37. Bxg4 Rh8 38. Kg3 Rg8 39. Rbe4
Rd5 40. f4 exf4+ 41. Rxf4+ Kg6 42. Be6 1-0

[Event "3rd Al Ain Chess Classic"]
[Site "Al-Ain UAE"]
[Date "2014.12.25"]
[Round "8.54"]
[White "Atakishiyev, Elmar"]
[Black "Asadli, Vugar"]
[Result "0-1"]
[BlackTitle "CM"]
[WhiteElo "1648"]
[BlackElo "2043"]
[WhiteFideId "13410547"]
[BlackFideId "13405764"]
[EventDate "2014.12.19"]

1. e4 e5 2. Nf3 Nc6 3. d4 exd4 4. Bc4 Nf6 5. O-O Nxe4 6. Re1 d5 7. Bxd5 Qxd5 8.
Nc3 Qh5 9. Nxe4 Be6 10. Bg5 Bd6 11. Nxd6+ cxd6 12. Bf4 Qc5 13. Qd2 O-O 14. Rad1
Bg4 15. c3 Bxf3 16. gxf3 Qd5 17. Kg2 h6 18. h4 Rfe8 19. Rg1 Re6 20. cxd4 Rae8
21. Rde1 Nxd4 22. Re3 Rxe3 23. fxe3 Qxf3+ 0-1

[Event "3rd Al Ain Chess Classic"]
[Site "Al-Ain UAE"]
[Date "2014.12.25"]
[Round "8.55"]
[White "Mosallam, Mohammad"]
[Black "Tagelsir, Abubaker"]
[Result "0-1"]
[BlackTitle "FM"]
[WhiteElo "1486"]
[BlackElo "2029"]
[WhiteFideId "9308709"]
[BlackFideId "12200875"]
[EventDate "2014.12.19"]

1. e4 d6 2. g3 g6 3. Bg2 Bg7 4. d3 c5 5. f4 Nc6 6. Nc3 Nf6 7. Nf3 O-O 8. O-O Rb8
9. Be3 b5 10. Nh4 Ng4 11. Bf2 Nxf2 12. Kxf2 Bd4+ 13. Ke1 b4 14. Na4 Bd7 15. Rb1
Bf6 16. Rf2 Nd4 17. c3 Bxa4 18. Qxa4 bxc3 19. Qxa7 c2 20. Rc1 Ra8 21. Qb7 Qa5+
22. Kf1 Qxa2 23. b4 Qb2 24. e5 Qxc1# 0-1

[Event "3rd Al Ain Chess Classic"]
[Site "Al-Ain UAE"]
[Date "2014.12.25"]
[Round "8.56"]
[White "Harikrishnan, Samyuktha"]
[Black "Aliyev, Elnur"]
[Result "0-1"]
[WhiteElo "1452"]
[BlackElo "2141"]
[WhiteFideId "25076140"]
[BlackFideId "13402617"]
[EventDate "2014.12.19"]

1. e4 c5 2. Nf3 Nc6 3. d4 cxd4 4. Nxd4 Nf6 5. Nc3 e5 6. Nb3 Bb4 7. Bd3 d5 8.
exd5 Nxd5 9. Bd2 Nxc3 10. bxc3 Bd6 11. O-O O-O 12. Qh5 f5 13. Bc4+ Kh8 14. Bg5
Qc7 15. Rad1 Ne7 16. Bf7 Ng8 17. Bg6 h6 18. Rd3 e4 19. Rh3 Bf4 20. Nd4 Bxg5 21.
Qxg5 Qe7 22. Qh5 Nf6 23. Qg5 Nd5 24. Qd2 f4 25. Rh5 Nf6 26. Rb5 Ng4 27. h3 Ne5
28. Bxe4 Nc4 29. Qd3 Nd6 30. Rbb1 Qxe4 31. Qd2 Qg6 32. Kh2 f3 33. g3 Bxh3 34.
Rfe1 Bg2 0-1

[Event "3rd Al Ain Chess Classic"]
[Site "Al-Ain UAE"]
[Date "2014.12.25"]
[Round "8.57"]
[White "Abdulla, Ali"]
[Black "Praggnanandhaa, R"]
[Result "1/2-1/2"]
[BlackTitle "FM"]
[WhiteElo "1747"]
[BlackElo "2104"]
[WhiteFideId "9302336"]
[BlackFideId "25059530"]
[EventDate "2014.12.19"]

1. d4 d5 2. c4 e6 3. Nc3 Nf6 4. cxd5 exd5 5. Bg5 Be7 6. e3 O-O 7. Qc2 Be6 8. Bd3
h6 9. Bh4 Nbd7 10. Nge2 c5 11. O-O Rc8 12. Rad1 c4 13. Bf5 Bd6 14. f3 Qe8 15.
Bf2 Bb8 16. Nf4 Bxf4 17. exf4 Rc6 18. Rfe1 Nb6 19. Bh4 Bxf5 20. Qxf5 Re6 21.
Rxe6 fxe6 22. Qc2 Nh5 23. g3 g6 24. Re1 Ng7 25. a4 a5 26. Qd2 Nf5 27. Nb5 Nxh4
28. gxh4 Qc6 29. Qxa5 Ra8 30. Qd2 Nxa4 31. Qg2 Kf7 32. Qe2 Re8 33. Nc3 Nxc3 34.
bxc3 Qd6 35. Qe3 Qe7 36. Rb1 Kg7 37. Qe5+ Kh7 38. Rb6 h5 39. Kg2 Kg8 40. Kg3 Kf7
41. Kg2 Qxh4 42. Rxb7+ Re7 43. Rxe7+ Qxe7 44. Kg3 Qf6 45. Qc7+ Qe7 46. Qe5 Qf6
47. Qc7+ Qe7 48. Qe5 1/2-1/2

[Event "3rd Al Ain Chess Classic"]
[Site "Al-Ain UAE"]
[Date "2014.12.25"]
[Round "8.59"]
[White "ALTaher, Saeed Tarek"]
[Black "Derakhshani, Borna"]
[Result "0-1"]
[BlackTitle "CM"]
[WhiteElo "1437"]
[BlackElo "1979"]
[WhiteFideId "9304045"]
[BlackFideId "12518450"]
[EventDate "2014.12.19"]

1. e4 e5 2. Nf3 Nc6 3. Bc4 Bc5 4. c3 Nf6 5. d4 exd4 6. cxd4 Bb4+ 7. Bd2 Bxd2+ 8.
Nbxd2 d5 9. exd5 Nxd5 10. Qb3 Nce7 11. O-O O-O 12. Rfe1 c6 13. Rac1 Qb6 14. Ne4
Qxb3 15. Bxb3 Rd8 16. Nc3 Bg4 17. Ne5 Be6 18. f3 Nf4 19. Re4 Bxb3 20. Rxf4 Be6
21. Re1 Nd5 22. Nxd5 Rxd5 23. Nd3 b6 24. Rfe4 Rdd8 25. Nb4 Rac8 26. a3 a5 27.
Nd3 g6 28. Ne5 Rd6 29. Rd1 c5 30. Rc1 Bf5 31. Rf4 Rd5 32. Ng4 Bxg4 33. Rxg4 f5
34. Rh4 c4 35. Re1 Rc7 36. Re8+ Kg7 37. Re6 b5 38. Ra6 a4 39. Rb6 h5 40. Rh3 f4
41. g3 Rf7 42. gxf4 Rxf4 43. Rg3 g5 44. Rb7+ Kg6 45. Rb6+ Kf5 46. Rb8 Rfxd4 47.
Rf8+ Kg6 48. Rg8+ Kf6 49. Rf8+ Kg7 50. Re8 Rd1+ 51. Kf2 R1d2+ 52. Re2 Kf6 53.
Rg2 Kf5 54. Ke3 R5d3+ 55. Kf2 Kf4 56. Ke1 Rd1+ 0-1

[Event "3rd Al Ain Chess Classic"]
[Site "Al-Ain UAE"]
[Date "2014.12.25"]
[Round "8.60"]
[White "Al-Zaruoni, Fahad"]
[Black "Rafee, Mohd Hayel"]
[Result "0-1"]
[WhiteTitle "CM"]
[WhiteElo "1654"]
[BlackElo "1931"]
[WhiteFideId "9300660"]
[BlackFideId "7603126"]
[EventDate "2014.12.19"]

1. c4 e5 2. g3 Nc6 3. Bg2 f5 4. Nc3 Nf6 5. d3 Bb4 6. Bd2 O-O 7. a3 Bxc3 8. Bxc3
d6 9. e3 Qe8 10. Ne2 f4 11. exf4 exf4 12. O-O fxg3 13. hxg3 Bg4 14. Re1 Qh5 15.
Qd2 Bxe2 16. Qxe2 Ng4 17. Bd5+ Kh8 18. f3 Nf6 19. f4 Qg6 20. Bxc6 bxc6 21. Qf3
Rf7 22. Re3 Raf8 23. Qxc6 Ng4 24. Re8 Qxd3 25. Kg2 Qc2+ 26. Kh3 h5 27. Rxf8+
Rxf8 28. Qg2 Qf5 29. Qe2 Nf6+ 30. Kh2 Re8 31. Qf3 Ng4+ 32. Kg1 Re3 33. Qg2 Qd3
34. Be1 Re2 35. Qa8+ Kh7 36. Qxa7 Qf3 37. Bf2 Rxf2 0-1

[Event "3rd Al Ain Chess Classic"]
[Site "Al-Ain UAE"]
[Date "2014.12.25"]
[Round "8.62"]
[White "Ahadzade, Kanan"]
[Black "Mohamed, Marshool"]
[Result "1-0"]
[WhiteElo "1909"]
[BlackElo "1518"]
[WhiteFideId "13405640"]
[BlackFideId "9306552"]
[EventDate "2014.12.19"]

1. e4 c5 2. Nc3 e6 3. f4 a6 4. g3 Qc7 5. Bg2 Be7 6. Nf3 d6 7. d3 Nd7 8. Be3 b5
9. Qe2 Bb7 10. O-O Ngf6 11. h3 O-O 12. Kh2 Rac8 13. Bd2 Rfe8 14. Rae1 Bf8 15. g4
g6 16. Nd1 Bg7 17. Ne3 Nb6 18. Kh1 Qe7 19. Qf2 Nfd7 20. f5 Qd8 21. Bc3 d5 22.
Bxg7 Kxg7 23. e5 exf5 24. gxf5 d4 25. f6+ Kg8 26. Nf5 Bxf3 27. Qxf3 Nxe5 28. Qf4
Nbd7 29. Ng7 Rf8 30. Rxe5 Nxe5 31. Qxe5 c4 32. Nf5 Re8 33. Ne7+ Kh8 34. Qg5 Rxe7
35. fxe7 Qe8 36. Bd5 Rc5 37. Qe5+ Kg8 38. Bxf7+ Qxf7 39. e8=Q+ 1-0

[Event "3rd Al Ain Chess Classic"]
[Site "Al-Ain UAE"]
[Date "2014.12.25"]
[Round "8.63"]
[White "Mayed, AlRashedi"]
[Black "Khalifah, Khaled"]
[Result "1-0"]
[WhiteTitle "FM"]
[WhiteElo "1908"]
[BlackElo "1340"]
[WhiteFideId "9303871"]
[BlackFideId "9312552"]
[EventDate "2014.12.19"]

1. e4 c5 2. Nf3 Nc6 3. Nc3 e5 4. Bc4 Be7 5. d3 d6 6. O-O Nf6 7. Ng5 O-O 8. f4 h6
9. Nxf7 Rxf7 10. Bxf7+ Kxf7 11. fxe5 Nxe5 12. Nd5 Kg8 13. Nxe7+ Qxe7 14. Qe1 Qf7
15. Qh4 Qh5 16. Qf2 Kh7 17. Bf4 Be6 18. b3 Rf8 19. Qd2 b6 20. d4 Nf7 21. Rae1
cxd4 22. Qxd4 Qc5 23. Qxc5 dxc5 24. c4 Re8 25. h3 Re7 26. Re3 g5 27. Bxg5 Nxg5
28. Rxf6 Bd7 29. h4 Nxe4 30. Rxe4 Rxe4 31. Rf7+ Kg6 32. Rxd7 Rxh4 33. Rxa7 Rd4
34. Ra6 Rd6 35. a4 Rf6 36. Kh2 Kg5 37. Kg3 h5 38. a5 bxa5 39. Rxf6 Kxf6 40. Kh4
Kg6 41. g4 hxg4 42. Kxg4 Kf6 43. Kf4 Ke6 44. Ke4 Kd6 45. Kf5 Kd7 46. Ke5 Kc7 47.
Kd5 Kb6 48. Kd6 a4 49. bxa4 Ka5 50. Kxc5 Kxa4 51. Kb6 Kb4 52. c5 Kc4 53. c6 Kd5
54. c7 Kd6 55. c8=Q Kd5 56. Qc5+ Ke6 57. Qd4 Ke7 58. Kc6 Ke6 59. Qd5+ Ke7 60.
Qd6+ Ke8 61. Qd7+ Kf8 62. Kd6 Kg8 63. Ke6 Kh8 64. Kf6 Kg8 65. Qg7# 1-0

[Event "3rd Al Ain Chess Classic"]
[Site "Al-Ain UAE"]
[Date "2014.12.25"]
[Round "8.64"]
[White "Al Amoudy, Saif"]
[Black "Amer, Mohammed Bishara"]
[Result "0-1"]
[WhiteElo "1421"]
[BlackElo "1955"]
[WhiteFideId "9308610"]
[BlackFideId "12200719"]
[EventDate "2014.12.19"]

1. d4 d5 2. Nf3 Nf6 3. g3 g6 4. Bg2 Bg7 5. O-O O-O 6. Nc3 Nbd7 7. Re1 c5 8. e3
e6 9. b3 Qa5 10. Bb2 b5 11. a3 a6 12. dxc5 b4 13. axb4 Qxb4 14. Na4 Qb5 15. Nd4
Qb8 16. Ba3 Re8 17. c6 Nb6 18. Bd6 Qxd6 19. Nxb6 Rb8 20. Nxc8 Rexc8 21. Rxa6 e5
22. Nf3 Ne4 23. c7 Qxc7 24. Qxd5 Qxc2 25. Nxe5 Qxf2+ 26. Kh1 Qxe1+ 27. Bf1 Qxf1# 0-1

[Event "3rd Al Ain Chess Classic"]
[Site "Al-Ain UAE"]
[Date "2014.12.25"]
[Round "8.65"]
[White "Al Shamisi, Hareb Nasser"]
[Black "Ahmed Mohamed Qayed"]
[Result "1-0"]
[WhiteElo "1389"]
[BlackElo "1551"]
[WhiteFideId "9308067"]
[BlackFideId "9314261"]
[EventDate "2014.12.19"]

1. e4 e5 2. Nf3 Nc6 3. Bb5 Nge7 4. O-O g6 5. d4 Bg7 6. dxe5 Nxe5 7. Nxe5 Bxe5 8.
f4 Bg7 9. f5 Bf6 10. fxg6 Nxg6 11. Qf3 Bd4+ 12. Kh1 Qe7 13. Nc3 b6 14. Nd5 Qc5
15. Qxf7+ Kd8 16. Bg5+ 1-0

[Event "3rd Al Ain Chess Classic"]
[Site "Al-Ain UAE"]
[Date "2014.12.25"]
[Round "8.66"]
[White "Ammar, Sedrani"]
[Black "Sultan, Fadel Saeed M Alshamsi"]
[Result "1-0"]
[WhiteElo "1485"]
[BlackElo "1247"]
[WhiteFideId "9312331"]
[BlackFideId "9309551"]
[EventDate "2014.12.19"]

1. d4 Nf6 2. Nf3 e6 3. e3 b6 4. Bd3 Bb7 5. O-O Be7 6. Nbd2 O-O 7. c3 c5 8. Qc2
Nc6 9. Re1 Rc8 10. Qd1 Re8 11. Qe2 Bf8 12. Nc4 g6 13. e4 d5 14. exd5 exd5 15.
Nce5 Bg7 16. h3 Nd7 17. Bf4 f6 18. Nxc6 Rxe2 19. Nxd8 Rxe1+ 20. Rxe1 Rxd8 21.
Bb5 a6 22. Ba4 b5 23. Bb3 cxd4 24. Nxd4 Ne5 25. Ne6 Re8 26. Nd4 Kf8 27. a4 Nd3
28. Bd6+ Kf7 29. Rxe8 Kxe8 30. axb5 axb5 31. Ba3 b4 32. cxb4 f5 33. Ne6 Bxb2 34.
Bxb2 Nxb2 35. Nc7+ Kd7 36. Nxd5 Bxd5 37. Bxd5 Nd3 38. Bg8 h6 39. Bh7 Ne5 40. f4
Nd3 41. Bxg6 Nxb4 42. Bxf5+ Ke7 43. Be4 Kf6 44. g4 Na6 45. Kf2 Nc5 46. Ke3 Ne6
47. h4 Nc5 48. Bd5 Na6 49. Kd4 Nb4 50. f5 Nc2+ 51. Ke4 Nb4 52. Be6 Nc6 53. Kf4
Nd4 54. Bc4 h5 55. g5+ Kg7 56. Ke4 Nc6 57. Bd5 Ne7 58. f6+ 1-0

[Event "3rd Al Ain Chess Classic"]
[Site "Al-Ain UAE"]
[Date "2014.12.25"]
[Round "8.67"]
[White "Orujova, Najiba"]
[Black "Al- Meghbali, Ahmed"]
[Result "1/2-1/2"]
[WhiteElo "1332"]
[BlackElo "1448"]
[WhiteFideId "13415913"]
[BlackFideId "9306943"]
[EventDate "2014.12.19"]

1. d4 d5 2. c4 dxc4 3. Nc3 Nf6 4. Nf3 Nbd7 5. Bf4 b6 6. e3 Bb7 7. Bxc4 e6 8. O-O
Be7 9. h3 O-O 10. Rc1 a6 11. Re1 Re8 12. Be2 Nf8 13. Ne5 N6d7 14. Nxd7 Nxd7 15.
Bf3 Bxf3 16. Qxf3 Bd6 17. Ne4 Bxf4 18. Qxf4 Rc8 19. Rc2 e5 20. Qf3 exd4 21. exd4
c5 22. Rec1 Qe7 23. Ng3 Nf6 24. dxc5 Rxc5 25. Rxc5 bxc5 26. Qc6 Qe5 27. Qb6 Nd7
28. Qxa6 Qxb2 29. Rd1 Qb6 30. Qa4 Nf6 31. Nh5 Rc8 32. Nxf6+ Qxf6 1/2-1/2